Education in the emerging Indian society: (Record no. 11405)

MARC details
000 -LEADER
fixed length control field 00695 a2200193 4500
010 ## - LIBRARY OF CONGRESS CONTROL NUMBER
LC control number ENG-89813
020 ## - INTERNATIONAL STANDARD BOOK NUMBER
International Standard Book Number 9788175414167
Terms of availability 240.00
035 ## - SYSTEM CONTROL NUMBER
System control number EN-73346
037 ## - SOURCE OF ACQUISITION
Source of stock number/acquisition DBAD / PUB
082 14 - DEWEY DECIMAL CLASSIFICATION NUMBER
Classification number 370.954
090 ## - LOCALLY ASSIGNED LC-TYPE CALL NUMBER (OCLC); LOCAL CALL NUMBER (OCLC)
-- 11733
-- 11733
100 1# - MAIN ENTRY--PERSONAL NAME
Personal name Aggarwal, J. C.
245 1# - TITLE STATEMENT
Title Education in the emerging Indian society:
Statement of responsibility, etc by J.C. Aggarwal
Remainder of title (as per UGC, Haryana and other Universities curriculum)/
260 ## - PUBLICATION, DISTRIBUTION, ETC. (IMPRINT)
Place of publication, distribution, etc Delhi
Name of publisher, distributor, etc Shipra Publications
Date of publication, distribution, etc 2008
270 ## - ADDRESS
Address 115-A, Vikas Marg, Shakarpur
City Delhi
Postal code 110 092
300 ## - PHYSICAL DESCRIPTION
Extent xiv, 472p.
Dimensions 23 cm ( Pbk.)
942 ## - ADDED ENTRY ELEMENTS (KOHA)
Institution code [OBSOLETE] dpl
Koha item type English Books
Call number prefix 370.954/ AGG
Holdings
Withdrawn status Lost status Source of classification or shelving scheme Damaged status Not for loan Collection code Home library Current library Source of acquisition Cost, normal purchase price Total Checkouts Full call number Barcode Date last seen Copy number Uniform Resource Identifier Cost, replacement price Price effective from Koha item type
    Dewey Decimal Classification   Not For Loan Non-fiction D.B.Act.Division D.B.Act.Division DBAD/PUB 240.00   370.954 AGG EN-73346 15/09/2008 1 12517 240.00 15/09/2008 English Books

© Delhi Public Library
Hit Counter
free hit counter